000 00570 a2200181 4500
003 OSt
005 20240130132927.0
008 240130b |||||||| |||| 00| 0 eng d
020 _a9788182718272
040 _coclc
082 _a894.8129
_bISL/E
100 _aIslam, Yusuf
_910341
245 _aEnthukond Njhan Ippozhum Gittar Kayyilenthunnu= Why I Still Carry a Guitar /
_cYusuf Islam
250 _a1st ed.
260 _aKozhikode:
_bIslamic Publishing House,
_c2016.
300 _a104p.
942 _2ddc
_cBK
_h894.8129
_iISL/E
_k894.8129
_mISL/E
999 _c43378
_d43378